| 000 | 00570nam a2200193Ia 4500 | ||
|---|---|---|---|
| 008 | 191130s2008##################000#0#eng## | ||
| 020 | _a9781844835829 | ||
| 040 |
_aACL _cACL |
||
| 082 | _a302.2223 ALL | ||
| 100 | _aAllan, Tony | ||
| 245 |
_aThe symbol detective _cTony Allan |
||
| 260 |
_aLondon _bDuncan Baird Publishers _c2008 |
||
| 300 | _a160 p. 12 cm | ||
| 500 | _aIncludes bibliographical references and index | ||
| 650 | _aSigns and symbols -- Handbooks, manuals, etc | ||
| 990 | _aa912108fac10000c56ce7a0a331dcc2b | ||
| 991 | _a218296 | ||
| 999 |
_c72177 _d72177 |
||